000 01051cam a2200289 4500
002 7631
008 040601n2004 000 0 eng u
020 _a1405107545
035 _a(Sirsi) u126330
041 _aeng
050 _a721.0212
_c18
100 _aEmmitt, Stephen
245 _aPrinciples of architectural detailing
260 _aOxford
_bBlackwell
_c2004
300 _ax, 252p.
_bill.
_c25cm.
350 _a24.95
520 _aIllustrates the main areas of architectural dealing from the level of the conceptual design through to the physical realisation of design intent during construction. Offers practical guidance and a number of tools to help students of architectural detailing in the decision-making process.
590 _aNB
650 _aARCHITECTURAL DETAILS
650 _aARCHITECTS WORKING DETAILS
650 _aBUILT ENVIRONMENT-CONSTRUCTION DESIGN
650 _aARCHITECTURAL TECHNOLOGY
690 _aBUILT ENVIRONMENT-CONSTRUCTION DESIGN
700 _aOlie, John
700 _aSchmid, Peter
942 _n0
999 _c103607
_d103607